|
|
|
|
| LEADER |
00000naa2a2200000 4500 |
| 001 |
112584 |
| 005 |
20231031121506.0 |
| 035 |
|
|
|a (RuTPU)RU\TPU\book\121737
|
| 090 |
|
|
|a 112584
|
| 100 |
|
|
|a 20070329d2003 k y0rusy50 ca
|
| 101 |
0 |
|
|a rus
|
| 102 |
|
|
|a RU
|
| 200 |
1 |
|
|a Радиоактивность как фундаментальное свойство материи и её использование в науке о Земле
|f Л. П. Рихванов
|
| 320 |
|
|
|a Библиогр.: 8 назв.
|
| 461 |
|
1 |
|0 (RuTPU)RU\TPU\book\64351
|t Геофизические методы при разведке недр и экологических исследованиях
|o материалы Всероссийской научно-технической конференции, посвященной 100-летию со дня рождения Д. С. Микова - основателя Сибирской школы геофизиков, Томск, 19-21 ноября 2003 г.
|f Томский политехнический университет; Институт геологии и нефтегазового дела
|d 2003-
|
| 463 |
|
0 |
|0 (RuTPU)RU\TPU\book\64058
|y 5-98298-034-X
|t Вып. 2
|v С. 46-48
|d 2003
|p 303 с.
|
| 610 |
1 |
|
|a радиоактивность
|
| 610 |
1 |
|
|a радиоактивные элементы
|
| 610 |
1 |
|
|a Земля
|
| 610 |
1 |
|
|a геологоразведочные работы
|
| 610 |
1 |
|
|a экологический мониторинг
|
| 610 |
1 |
|
|a ядерная геофизика
|
| 610 |
1 |
|
|a труды учёных ТПУ
|
| 700 |
|
1 |
|a Рихванов
|b Л. П.
|c российский ученый, геолог
|c профессор Томского политехнического университета, доктор геолого-минералогических наук
|c заслуженный геолог РФ
|c почетный работник высшего образования РФ
|f 1945-
|g Леонид Петрович
|2 stltpush
|3 (RuTPU)RU\TPU\pers\23187
|
| 801 |
|
1 |
|a RU
|b 63413507
|c 20070329
|g PSBO
|
| 801 |
|
2 |
|a RU
|b 63413507
|c 20111226
|g RCR
|
| 942 |
|
|
|c BK
|